000 00581nam a2200193Ia 4500
003 GCL
008 140319s9999 xx 000 0 ara d
040 _aGCL /
_cGCL
082 0 4 _a189.1
_bف ر
100 1 _aجعفر ال ياسين
245 1 0 _aرسالتان فلسفيتان /
_cجعفر ال ياسين
700 1 _aالفارابى : ابو نصر محمد بن محمد بن طرخان بن اوزلغ
300 _a160 ص
490 _a
650 0 4 _aالفلسفة الاسلامية
650 0 4 _aالفلسفة
650 0 4 _aالفارابى
942 _2ddc
_cBK
999 _c46151
_d46151